Представление документа в формате MARC21

Поле Инд. ПП Название Значение
Тип записи a
Библиографический уровень m
001 Контрольный номер RU/IS/BASE/129225336
005 Дата корректировки 20220805121051.1
040 b Код языка каталог. rus
041 a Код языка текста rus
080 00 a Индекс УДК 004.42
084 a Индекс другой классификации/Индекс ББК 32.973.26-018.2
090 00 a Полочн. индекс 681.3
c Каталожный индекс 681.3.016
x Авторский знак Н83
097 b Оператор 11
100 10 a Автор Нортон П.
245 00 a Заглавие Разработка приложений в Access 97 в подлиннике
b Продолж. заглавия руководство для профессионалов
260 00 a Место издания Санкт-Петербург
b Издательство BHV-Санкт-Петербург
c Дата издания 1998
300 00 a Объем 656 с.
b Иллюстрации/ тип воспроизводства ил.
510 a Примечание о ссылках Книги и методические пособия
650 a Основная рубрика 50.41 Программное обеспечение вычислительных машин, комплексов и сетей
x Основная подрубрика 50.41.17 Системное программное обеспечение
653 00 a Ключевые слова базы данных; access; программные приложения; программное обеспечение
700 10 a Другие авторы Андерсен В.
901 t Тип документа m